Rozvoj inovatívnosti v akademickom prostredí správa o riešení vedeckého projektu I-16-106-00 : rok riešenia projektu 2016

Salvato in:
Dettagli Bibliografici
Autore principale: Donovalová, Alena, 1986-
Ente Autore: Obchodná fakulta EU. Katedra tovaroznalectva a kvality tovaru
Altri autori: Hudec, Martin, Benkovič, Martin, Knošková, Ľubica, 1965-, Telek, Peter
Natura: Libro
Lingua:slovacco
Pubblicazione: Bratislava 2016
Edizione:1. vyd.
Soggetti:
Tags: Aggiungi Tag
Nessun Tag, puoi essere il primo ad aggiungerne!!

MARC

LEADER 00000nam a2200000 4500
001 0227123
005 20240527092408.5
041 0 |a slo 
044 |a SK 
245 1 0 |a Rozvoj inovatívnosti v akademickom prostredí  |b správa o riešení vedeckého projektu I-16-106-00 : rok riešenia projektu 2016  |c zodpovedný riešiteľ: Alena Donovalová, spoluriešitelia: Martin Hudec, Martin Benkovič ; recenzenti: Ľubica Knošková, Peter Telek 
250 |a 1. vyd. 
264 1 |a Bratislava  |c 2016 
300 |a [30 s.] 
610 2 0 |a vzdelávanie vysokoškolské 
610 2 0 |a inovácia 
610 2 0 |a školy vysoké odborné 
610 2 0 |a školy vysoké 
610 2 0 |a univerzity 
100 1 |a Donovalová, Alena, 1986- 
700 1 |a Hudec, Martin 
700 1 |a Benkovič, Martin 
700 1 |a Knošková, Ľubica, 1965- 
700 1 |a Telek, Peter 
710 2 |a Obchodná fakulta EU. Katedra tovaroznalectva a kvality tovaru